| 000 | 00665nam a22001937a 4500 | ||
|---|---|---|---|
| 005 | 20100819142518.0 | ||
| 010 | _aENG-100996 | ||
| 020 | _c80.00 | ||
| 035 | _aEN-84529 | ||
| 037 | _bDBAD/PUB | ||
| 082 | _a311.2 | ||
| 100 |
_aBalasubramanian D _915197 |
||
| 245 |
_aAnnual analysis and performance / _cby D Balasubramanian |
||
| 260 |
_aKoradachery _bAruma Pathippagam _c2008 |
||
| 270 |
_a35, Gandhi Colony _bKoradachery _e613703 |
||
| 300 |
_aiii,76p _c19cm(pbk) |
||
| 942 |
_2ddc _cEN _h311.2 _mBAL |
||
| 999 |
_c42549 _d42549 |
||